Normal view
MARC view
Entry Nombre personal
001 - NÚMERO DE CONTROL
- campo de control: 1106
003 - IDENTIFICADOR DE NÚMERO DE CONTROL
- campo de control: DLC
005 - FECHA Y HORA DE LA ÚLTIMA TRANSACCIÓN
- campo de control: 20260423151121.0
008 - ELEMENTOS DE DATO DE LONGITUD-FIJA
- campo de control de longitud fija: 041208n| acannaab |n aaa c
010 ## - NÚMERO DE CONTROL DE LA BIBLIOTECA DEL CONGRESO
- Número de control de LC: no2004119149
035 ## - NÚMERO DE CONTROL DEL SISTEMA
- Número de control de sistema: (OCoLC)oca06512282
040 ## - FUENTE DE CATALOGACIÓN
- Centro catalogador/agencia de origen: NjP
- Lengua de catalogación: eng
- Centro/agencia transcriptor: NjP
100 1# - ENCABEZAMIENTO-NOMBRE DE PERSONA
- Nombre de persona: Bergeron, Louis
670 ## - FUENTE DE DATOS ENCONTRADOS
- Cita de la fuente: Cabanes du désir, 2004:
- Información encontrada: t.p. (Louis Bergeron)
670 ## - FUENTE DE DATOS ENCONTRADOS
- Cita de la fuente: AMICUS database, Dec. 8, 2004
- Información encontrada: (Bergeron, Louis)